Normal view MARC view
  • Eve, William and Sons

Entry Corporate Name

Number of records used in: 1

001 - CONTROL NUMBER

  • control field: 4863

003 - CONTROL NUMBER IDENTIFIER

  • control field: OSt

005 - DATE AND TIME OF LATEST TRANSACTION

  • control field: 20190806150237.0

008 - FIXED-LENGTH DATA ELEMENTS

  • fixed length control field: 060119n| aaannaabn |n ana d

040 ## - CATALOGING SOURCE

  • Original cataloging agency: OSt
  • Transcribing agency: OSt

110 0# - HEADING--CORPORATE NAME

  • Corporate name or jurisdiction name as entry element: Eve, William and Sons

410 2# - SEE FROM TRACING--CORPORATE NAME

  • Corporate name or jurisdiction name as entry element: William Eve and Sons

670 ## - SOURCE DATA FOUND

  • Source citation: Tables showing gross and ratable values for properties let at weekly inclusive rentals, 19--